Nový segment trhu: ochrana osobních údajů

Historický pohľad na typy úprav osobných údajov. Konvergencia modelov EU a APEC. Nové globálne trendy a nové technológie.

Salvato in:
Dettagli Bibliografici
Autore principale: Štědroň, Bohumír
Natura: Capitolo di libro
Lingua:ceco
Soggetti:
Tags: Aggiungi Tag
Nessun Tag, puoi essere il primo ad aggiungerne!!

MARC

LEADER 00000naa$a2200000$$$4500
001 0052473
005 20231107105845.8
041 0 |a cze 
044 |a CZ 
245 1 0 |a Nový segment trhu: ochrana osobních údajů  |c Bohumír Štědroň 
520 |a Historický pohľad na typy úprav osobných údajov. Konvergencia modelov EU a APEC. Nové globálne trendy a nové technológie. 
610 2 0 |a ochrana údajov osobných 
610 2 0 |a trh 
610 2 0 |a konvergencia 
610 2 0 |a segmentácia trhu 
610 2 0 |a technológie nové 
610 2 0 |a certifikácia 
610 2 0 |a právo autorské 
610 2 0 |a telekomunikácie 
610 2 0 |a USA 
610 2 0 |a Čína 
610 2 0 |a Japonsko 
610 2 0 |a legislatíva 
100 1 |a Štědroň, Bohumír